Tagore in Print: (Record no. 83120)
[ view plain ]
| 000 -LEADER | |
|---|---|
| fixed length control field | 00838nam a22002177a 4500 |
| 005 - DATE AND TIME OF LATEST TRANSACTION | |
| control field | 20140321125510.0 |
| 010 ## - LCCN (DPL NO) | |
| LC control number | B-500346 |
| 020 ## - INTERNATIONAL STANDARD BOOK NUMBER | |
| International Standard Book Number | 9788180698705 |
| Terms of availability | 850.00 |
| 020 ## - INTERNATIONAL STANDARD BOOK NUMBER | |
| International Standard Book Number | 818069870x |
| Terms of availability | 850.00 |
| 035 ## - SYSTEM CONTROL NUMBER | |
| System control number | B-500346 |
| 037 ## - SOURCE OF ACQUISITION | |
| Stock number | dpl |
| Source of stock number/acquisition | Mallika Books/Ven |
| 082 ## - DEWEY DECIMAL CLASSIFICATION NUMBER | |
| Classification number | 863.1092 |
| 100 ## - MAIN ENTRY--PERSONAL NAME | |
| Personal name | Ray, Partha Pratim |
| 245 ## - TITLE STATEMENT | |
| Title | Tagore in Print: |
| Remainder of title | a comparative study before and after expiry of copyright/ |
| Statement of responsibility, etc | by Partha Pratim Ray |
| 260 ## - PUBLICATION, DISTRIBUTION, ETC. (IMPRINT) | |
| Place of publication, distribution, etc | New Delhi |
| Name of publisher, distributor, etc | Concept Publishing Company |
| Date of publication, distribution, etc | 2012 |
| 270 ## - ADDRESS | |
| Address | A/15-16, Commercial lock, ohan Garden |
| City | New Delhi |
| Postal code | 110059 (India) |
| 300 ## - PHYSICAL DESCRIPTION | |
| Extent | 240p.: |
| Other physical details | ill. |
| Dimensions | 21cm(Hb) |
| 500 ## - GENERAL NOTE | |
| General note | includues Appendices,Index and Bibliography |
| 942 ## - ADDED ENTRY ELEMENTS (KOHA) | |
| Source of classification or shelving scheme | Dewey Decimal Classification |
| Item type | English Books |
| Classification part | 863.1092 |
| Call number suffix | RAY |
| Withdrawn status | Lost status | Not for loan | Collection code | Home library | Current library | Date acquired | Source of acquisition | Cost, normal purchase price | Full call number | Barcode | Copy number | Cost, replacement price | Koha item type |
|---|---|---|---|---|---|---|---|---|---|---|---|---|---|
| Non-fiction | Central Library | Central Library | 21/03/2014 | Mallika Books/99/15.03.2013/174/08.03.2013/18.03.2013 | 850.00 | 863.1092 RAY | B-500346 | 1 | 850.00 | English Books |
